000 00519nam a2200181Ia 4500
008 170705s9999 xx 000 0 und d
020 _a9780590434119
245 _aVampires don't wear polka dots /
245 _cby Debbie Dadey and Marcia Thorthon Jones ; illustrated by John Steven Gurney.
260 _aNew York :
260 _bScholastic,
260 _c1990
300 _a78 pages :
300 _billustrations ;
300 _c19cm.
440 _aThe adventures of the Bailey school kids.
500 _a600
999 _c337198
_d337198